All killer skins in Forsaken - Statistics

General Stats
  • This quiz has been taken 26 times
  • The average score is 49 of 199
Answer Stats
Group Answer % Correct
1x1x1x1 | Guest 666 | John Doe | +3 others Milestone I
73%
1x1x1x1 | Guest 666 | John Doe | +3 others Milestone II
73%
1x1x1x1 | Guest 666 | John Doe | +3 others Milestone III
73%
1x1x1x1 | Guest 666 | John Doe | +3 others Milestone IV
73%
Slasher Vanity
64%
Nosferatu Arachnid
55%
Slasher Combat Initiation
55%
Nosferatu Gluttony
55%
c00lkidd bluudud
45%
Slasher Butcher
45%
1x1x1x1 | Nosferatu Classic
45%
Nosferatu Snowy Owl
45%
Noli YAAI
45%
1x1x1x1 | John Doe | Noli | +2 others Yourself
45%
Guest 666 Confused
36%
1x1x1x1 | John Doe Legacy Milestone I
36%
1x1x1x1 | John Doe Legacy Milestone II
36%
1x1x1x1 | John Doe Legacy Milestone III
36%
1x1x1x1 | John Doe Legacy Milestone IV
36%
c00lkidd Mafioso
36%
Slasher Mystic
36%
Guest 666 Photoshop
36%
Slasher Retro
36%
Slasher White Pumpkin
36%
c00lkidd c0llabk1dd
27%
Slasher Cereal Killer
27%
c00lkidd Cultist
27%
Slasher Delirious
27%
1x1x1x1 Diva
27%
1x1x1x1 Eggs
27%
1x1x1x1 Hacklord
27%
Slasher Hitbox Accurate
27%
Guest 666 Infected
27%
John Doe Living Legend
27%
Slasher michel
27%
Noli Narrator
27%
Slasher Nun
27%
John Doe Oozing Oscar
27%
c00lkidd pr3typriincess
27%
Slasher Subject_0
27%
Noli The Admin
27%
Slasher The Shining
27%
1x1x1x1 | Guest 666 | John Doe Toon
27%
1x1x1x1 Xx4ceOfSpadesXx
27%
John Doe 2017
18%
John Doe Aberrant
18%
John Doe Ancient Megalodon
18%
John Doe Annihilation
18%
Guest 666 Apollyon
18%
Noli Artful
18%
Noli ASPX
18%
1x1x1x1 Betrayed
18%
John Doe Butcher's Hook
18%
c00lkidd c00kiek1dd
18%
Slasher Camp Counselor
18%
c00lkidd Celebration
18%
c00lkidd Color and Electricity
18%
c00lkidd Cool3r
18%
John Doe Crystalized
18%
Noli Devesto
18%
c00lkidd DIVADAYO
18%
Slasher Farmboy
18%
c00lkidd Gourd
18%
Guest 666 Guest 333
18%
Slasher Homerunner
18%
Slasher Horsemann
18%
Slasher Insane Streamer
18%
John Doe John Dough
18%
Guest 666 Krampus
18%
Slasher Lovesick
18%
Slasher Lumberjack
18%
John Doe Noir
18%
c00lkidd Original
18%
John Doe Overgrown
18%
c00lkidd p00lkidd
18%
Slasher Party
18%
John Doe Poached
18%
1x1x1x1 Pride
18%
Slasher Pursuer
18%
Guest 666 Rave
18%
John Doe RetRoe
18%
Slasher Ripper
18%
Guest 666 Sakura
18%
John Doe Santa
18%
Slasher Scenecore
18%
John Doe Screamer
18%
John Doe Script Builder
18%
John Doe Sharkmelon
18%
Noli The Possessed
18%
Noli Toolbox
18%
John Doe TV
18%
Noli Umbra
18%
1x1x1x1 16th Night
9%
Slasher Alfred Drevis
9%
John Doe All-Star
9%
John Doe Baker
9%
Slasher Barber
9%
Noli Conductor
9%
1x1x1x1 Crazyblox
9%
1x1x1x1 Crew Leader
9%
c00lkidd Dapper
9%
1x1x1x1 Darkness
9%
Noli Day of The Dead
9%
Slasher Deep Sleep
9%
Noli Demise
9%
John Doe Demon King
9%
Noli Ephialtes
9%
1x1x1x1 Fleskhjerta
9%
John Doe Gasharpoon
9%
Guest 666 Godmother
9%
1x1x1x1 Green Guest
9%
Guest 666 Guest 999
9%
Slasher Hockey Star
9%
Guest 666 Hungry
9%
1x1x1x1 Illumina
9%
1x1x1x1 Jack Frost
9%
Guest 666 Jack-O-Lantern
9%
1x1x1x1 Martyr
9%
Noli Messiah
9%
1x1x1x1 Monochrome
9%
John Doe Morph Magic
9%
c00lkidd P4j4m4k1dd
9%
John Doe Pedro.EXE
9%
John Doe Plagued
9%
Noli Red Room Curse
9%
Noli Robert
9%
Noli Saggital
9%
c00lkidd sch00lkidd
9%
Noli Sinister
9%
Slasher Stitchhare
9%
Guest 666 Template
9%
1x1x1x1 The Pestilence
9%
Slasher The Shape
9%
1x1x1x1 Toy
9%
Slasher VIP
9%
1x1x1x1 Voidbound
9%
Slasher Weightson
9%
c00lkidd Weirdly Strict
9%
c00lkidd Whimsical
9%
c00lkidd b4ll3rkidd
0%
1x1x1x1 Bluesteel
0%
Noli Chimera
0%
c00lkidd Cosplayer
0%
c00lkidd Cupcakes
0%
Slasher Duck
0%
1x1x1x1 Everfrost
0%
1x1x1x1 Evil Green Skeleton
0%
Slasher Executioner
0%
1x1x1x1 Eye of The Abyss
0%
John Doe Geometry
0%
1x1x1x1 Green Envy
0%
1x1x1x1 Guardian
0%
1x1x1x1 Infernum
0%
1x1x1x1 Jack Frost Classic
0%
c00lkidd K00lkidd
0%
Slasher Killer Kyle
0%
c00lkidd Masked Kid
0%
Noli Meta
0%
Noli Metronette
0%
Noli MissingNo.
0%
c00lkidd N1GH7M4R33
0%
1x1x1x1 One Scoop
0%
1x1x1x1 Pincushion
0%
1x1x1x1 Primordial
0%
c00lkidd Savior
0%
1x1x1x1 Soccer Legend
0%
Guest 666 Symbol
0%
1x1x1x1 Timeless
0%
No matching quizzes found
Score Distribution
Percent of People with Each Score
Percentile by Number Answered
Your Score History
You have not taken this quiz